000 00895nas a2200277 4500
001 BR8102685
003 BR-BrBNA
005 20231205084722.0
007 ta
008 230509b bl.|||p| |||| 00| 00por d
040 _aBR-BrBNA
_bpor
_cBiblioteca Nacional de Agricultura
041 _a(Pt)
072 _aF00
100 1 _aCaser, D.V.
100 1 _aVicente, J.R.
245 1 _aPrevisao de area e rendimento de feijao das aguas na DIRA de Sorocaba [Divisao Regional Agricola; Phaseolus vulgaris; Sao Paulo; Brasil]
650 _aProducao vegetal
650 _aFeijao
650 _aPrevisao de safra
650 _aRendimento
650 _aSorocaba
650 _aSao Paulo
773 0 _tInformacoes Economicas - Instituto de Economia Agricola (Brazil)
_xISSN 0100-4409
_g(Aug 1981), v. 11(8) p. 25-31
_wBR8102685
909 _a202311
_bLúcia
_c55
_dLúcia Elande
942 _2AGRIS
_n0
_cANA
999 _c106851
_d106851